000 01024nam2a2200229 4500
001 rc\2946608
005 20260315060034.0
035 _a(NLR Aleph) 007094675
090 _a13600900
_c13600900
100 _a20110828d1939 u y0rusy50 ca
101 0 _aeng
_arus
102 _aRU
105 _ay z |||||
200 0 _aЛекция 19
210 _d1939
215 _a20 с.
461 0 _1001rc\2946599
_12000#$aОсновной курс английского языка$fСост. С. Понтович$gПод ред. В. Менжинской$gЦентр. курсы заоч. обучения иностр. яз. Ин-яз. Москва$vЛекция 19
_1700#1$aПонтович$bС.В.$gСофья Викторовна
_96609393
_aПонтович, С.В.
_c[Москва]
_d1939-1941
_fСост. С. Понтович
_nБ. и.
_tОсновной курс английского языка
_vЛекция 19
801 0 _aRU
_bNLR
_gpsbo
801 1 _aRU
_bELAR
_2rusmarc
852 _aNLR
_j39-17/232
942 _cUNSPEC
980 _aNB